| 000 -LEADER |
| fixed length control field |
00779nam a22001577a 4500 |
| 003 - CONTROL NUMBER IDENTIFIER |
| control field |
OSt |
| 005 - DATE AND TIME OF LATEST TRANSACTION |
| control field |
20151026155043.0 |
| 008 - FIXED-LENGTH DATA ELEMENTS--GENERAL INFORMATION |
| fixed length control field |
151026b xxu||||| |||| 00| 0 eng d |
| 040 ## - CATALOGING SOURCE |
| Transcribing agency |
RUA |
| 082 ## - DEWEY DECIMAL CLASSIFICATION NUMBER |
| Classification number |
AVM MAK 2003 B112 Or.1 |
| 100 ## - MAIN ENTRY--PERSONAL NAME |
| 9 (RLIN) |
2930 |
| Personal name |
MAK CHANTHOL |
| 245 ## - TITLE STATEMENT |
| Title |
Survey on sow raising providing of kitchen's waste in pig farm at prek liep national school of agriculture, (ការអង្កេតលើការចិញ្ចឹមជ្រូកមេដោយផ្ដល់ចំណីកាកសំណល់ផ្ទះបាយ នៅស្ថានីយ៍ចិញ្ចឹមជ្រូក សាលាជាតិកសិកម្មព្រែកលៀប) |
| 260 ## - PUBLICATION, DISTRIBUTION, ETC. (IMPRINT) |
| Place of publication, distribution, etc. |
Phnom Penh |
| Name of publisher, distributor, etc. |
Rua |
| Date of publication, distribution, etc. |
2003 |
| 300 ## - PHYSICAL DESCRIPTION |
| Extent |
ix; 34p. |
| Other physical details |
ill. |
| Dimensions |
29cm. |
| 942 ## - ADDED ENTRY ELEMENTS (KOHA) |
| Source of classification or shelving scheme |
|
| Koha item type |
VTF |